Municipalities of South Carolina Counties- Hampton - Statistics

General Stats
  • This quiz has been taken 10 times
  • The average score is 2 of 9
Answer Stats
Population (2020) Municipality % Correct
2,694 Hampton
88%
1,821 Estill
38%
431 Brunson
25%
224 Furman
13%
257 Gifford
13%
98 Luray
13%
1,669 Varnville
13%
1,080 Yemassee
13%
158 Scotia
0%
No matching quizzes found
Score Distribution
Percent of People with Each Score
Percentile by Number Answered
Your Score History
You have not taken this quiz